Animal Crossing: New Horizons Bug List - Statistics

General Stats
  • This quiz has been taken 55 times
  • The average score is 35 of 80
Answer Stats
Answer % Correct
Tarantula
92%
Scorpion
88%
Fly
84%
Moth
84%
Spider
80%
Wasp
80%
Ant
76%
Common Butterfly
76%
Grasshopper
76%
Monarch Butterfly
76%
Honeybee
72%
Yellow Butterfly
72%
Dung Beetle
64%
Mantis
60%
Stinkbug
60%
Evening Cicada
56%
Mosquito
56%
Pill Bug
56%
Wharf Roach
56%
Bagworm
52%
Centipede
52%
Cricket
52%
Emperor Butterfly
52%
Flea
52%
Jewel Beetle
52%
Ladybug
52%
Long Locust
52%
Mole Cricket
52%
Orchid Mantis
52%
Walking Leaf
52%
Atlas Moth
48%
Cicada Shell
48%
Golden Stag
48%
Rajah Brooke's Birdwing
48%
Walking Stick
48%
Diving Beetle
44%
Giant Cicada
44%
Goliath Beetle
44%
Pondskater
44%
Violin Beetle
44%
Common Bluebottle
40%
Horned Dynastid
40%
Paper Kite Butterfly
40%
Rainbow Stag
40%
Snail
40%
Tiger Beetle
40%
Banded Dragonfly
36%
Horned Hercules
36%
Peacock Butterfly
36%
Agrias Butterfly
32%
Bell Cricket
32%
Cyclommatus Stag
32%
Man-faced Stink Bug
32%
Queen Alexandra's Birdwing
32%
Tiger Butterfly
32%
Brown Cicada
28%
Darner Dragonfly
28%
Giant Water Bug
28%
Hermit Crab
28%
Horned Elephant
28%
Madagascan Sunset Moth
28%
Red Dragonfly
28%
Saw Stag
28%
Damselfly
24%
Firefly
24%
Giant Stag
24%
Giraffe Stag
24%
Miyama Stag
24%
Scarab Beetle
24%
Walker Cicada
24%
Horned Atlas
20%
Migratory Locust
20%
Rice Grasshopper
20%
Rosalia Batesi Beetle
20%
Blue Weevil Beetle
16%
Citrus Long-horned Beetle
16%
Drone Beetle
16%
Earth-boring Dung Beetle
16%
Robust Cicada
16%
Great Purple Emperor
12%
No matching quizzes found
Score Distribution
Percent of People with Each Score
Percentile by Number Answered
Your Score History
You have not taken this quiz